Manual de derecho ecleciástico del estado

שמור ב:
מידע ביבליוגרפי
Main Authors: García Hervás, Dolores (Author), Combalía Solís, Zoila (Author), Escrivá Ivars, Javier (Author), Jordán Villacampa, María Luisa (Author)
פורמט: ספר
שפה:ספרדית
יצא לאור: Madrid COLEX 1997
נושאים:
תגים: הוספת תג
אין תגיות, היה/י הראשונ/ה לתייג את הרשומה!

MARC

LEADER 00000nam a2200000 a 4500
001 UCR7209
003 CL-VaPUC
008 980514e19970000SP |||||||||||||||||spa|d
082 0 4 |a 262.9  |b GAR  |2 21 
100 |a García Hervás, Dolores  |e author  |9 475773 
700 0 |a Combalía Solís, Zoila  |e author  |9 408510 
700 0 |a Escrivá Ivars, Javier  |e author  |9 408511 
700 |a Jordán Villacampa, María Luisa  |e author  |9 470009 
245 1 0 |a Manual de derecho ecleciástico del estado 
300 |a 360 p 
942 |c BK 
945 |d 19980514 00:00:00  |a mvenant 
260 |a Madrid  |b COLEX  |c 1997 
650 7 |a DERECHO CANONICO  |2 CL-VaPUC  |9 408513 
650 0 |a Iglesia y Estado  |9 254995 
650 7 |a LIBERTAD RELIGIOSA  |2 CL-VaPUC  |9 408514 
650 0 |a Discriminación religiosa  |9 379170 
651 0 |a España  |9 254926 
583 |a last modification  |c 19980514 00:00:00  |k Rodrigo Vera 
999 |c 268984  |d 268982 
952 |0 0  |1 0  |4 0  |6 262_900000000000000_GAR_1997  |7 0  |8 A  |9 302552  |a BIBDER  |b BIBDER  |d 2019-11-20  |i 342457K  |o 262.9 GAR 1997  |p 342457K  |r 2023-01-25  |w 2019-11-20  |y BK  |k DER